Filosofía, formación ética y ciudadana i : teorías sobre la justicia /
Guardado en:
| Autor Principal: | |
|---|---|
| Otros Autores: | |
| Formato: | Libro |
| Publicado: |
Buenos Aires :
Aique,
2001
|
| Series: | Polimodal
|
| Materias: | |
| Etiquetas: |
Agregar Etiqueta
Sin Etiquetas, Sea el primero en etiquetar este registro!
|
| LEADER | 01558nam a22002655a 4500 | ||
|---|---|---|---|
| 001 | CEM.cems010900 | ||
| 008 | 130507s2001##################000#0#####d | ||
| 005 | 20211210184800.0 | ||
| 003 | CEMS | ||
| 245 | 1 | 0 | |a Filosofía, formación ética y ciudadana i : |b teorías sobre la justicia / |c Gustavo Schujman, Erica Herszkowich |
| 260 | |a Buenos Aires : |b Aique, |c 2001 | ||
| 300 | |a 32 p. | ||
| 490 | 0 | |a Polimodal | |
| 505 | 0 | |a La justicia de los dioses y los héroes: Homero -- La polémica entre los sofistas y Sócrates en torno a la justicia -- La justicia según Platón -- La justicia según Aristóteles -- La justicia según los estoicos -- Cicerón -- Santo Tomás de Aquino: la justicia como virtud y como gobierno para el bien común -- El contrato social: Jean-Jacques Rousseau -- La justicia según el utilitarismo de John Stuart Mill -- La teoría neocontractualista de John Rawls -- El utilitarismo y el retribucionismo frente al problema del castigo | |
| 020 | |a 9507016945 | ||
| 100 | 1 | |a Schujman, Gustavo | |
| 700 | 1 | |a Herszkowich, Erica | |
| 082 | 0 | 4 | |a Z320 |
| 653 | |a Formación ética y ciudadana-polimodal | ||
| 859 | |a CEMS |b BIB. CEMS - 11 de abril |h 320 |i Sch79-2 |p 21623.02 |t Ej.1 | ||
| 859 | |a CEMS |b BIB. CEMS - Agricultura |h 320 |i Sch79-1 |p A0314.01 |t Ej.1 | ||
| 859 | |a CEMS |b BIB. CEMS - 11 de abril |h 320 |i Sch79-2 |p 21624.02 |t Ej.2 | ||
| 859 | |a CEMS |b BIB. CEMS - Agricultura |h 320 |i Sch79-1 |p A0608.05 |t Ej.2 | ||
| 859 | |a CEMS |b BIB. CEMS - 11 de abril |h 320 |i Sch79-2 |p 21625.02 |t Ej.3 | ||
| 859 | |a CEMS |b BIB. CEMS - 11 de abril |h 320 |i Sch79-2 |p 22393.04 |t Ej.4 | ||
